[Event "POL-chT3 Liga Slaska"]
[Site "Poland"]
[Date "2007.05.13"]
[Round "9"]
[White "Graczyk, Konrad"]
[Black "Osipow, Nikolaj"]
[Result "0-1"]
[WhiteElo "1723"]
[BlackElo "2201"]
[PlyCount "76"]
[EventDate "2007.01.28"]
[EventType "team-swiss"]
[EventRounds "9"]
[EventCountry "POL"]
[SourceTitle "EXT 2011"]
[Source "ChessBase"]
[SourceDate "2010.11.26"]
[SourceVersion "1"]
[SourceVersionDate "2010.11.26"]
[SourceQuality "1"]
[WhiteTeam "Czestochowa UKS Hetman"]
[BlackTeam "Katowice Hetman Szopienice III"]
[WhiteTeamCountry "POL"]
[BlackTeamCountry "POL"]

1. d4 Nf6 2. Nf3 e6 3. c4 d5 4. Nc3 Be7 5. Bf4 0-0 6. e3 b6 7. Rc1 c6 8. cxd5 exd5 9. Bd3 Bb7 10. 0-0 Nbd7 11. Bb1 Re8 12. Ne5 Nf8 13. a3 a5 14. Na4 Rc8 15. Qb3 N6d7 16. Bf5 Ba8 17. Nxd7 Nxd7 18. Bxd7 Qxd7 19. Qxb6 c5 20. Nxc5 Bxc5 21. Rxc5 Rxc5 22. Qxc5 a4 23. Rc1 Bb7 24. Qc7 Rc8 25. h3 Rxc7 26. Rxc7 Qb5 27. Re7 h6 28. Bd6 Ba6 29. Kh2 Qxb2 30. Kg3 Qc2 31. Bc5 Qg6+ 32. Kh2 Bf1 33. g4 h5 34. Kg3 hxg4 35. hxg4 Qh6 36. Re8+ Kh7 37. g5 Qxg5+ 38. Kf3 f5 0-1